000 00683nam a2200241 i 4500
001 C2-0301325
003 PPAK
005 20180728082641.0
008 091208s2008 my a|||| ||||| | may d
020 _a9789831243824
040 _aPPAK
_beng
_cPPAK
_erda
082 0 4 _a641.595951
_223
090 0 0 _a641.595951
_bKOM
_dR
245 0 0 _aKompilasi masakan nyonya
264 1 _aShah Alam, Selangor :
_bAlaf 21 ,
_c2008
300 _a64 pages :
_bcolour illustrations ;
_c26 cm
336 _2rdacontent
_atext
337 _2rdamedia
_aunmediated
338 _2rdacarrier
_avolume
650 1 0 _aCookery, Straits Chinese.
700 0 _aSa'adiah Mohamad,
_ecompile
942 _ddc
_cB
999 _c105118
_d105118